000 00595nam a2200193Ia 4500
003 IN-BaIIA
008 211028s9999 xx 000 0 eng d
020 _a90-277-2389-3
040 _cIIA Library
080 _a082.2:52
_bIAU-S115
100 _aPeimbert, Manuel
_915122
245 0 _aStar forming regions
_cManuel Peimbert and Jun Jugaku
260 _aDordrecht
_bD. Reidel Publishing
_c1987
300 _axxvii, 745p.
650 _aAstronomy and Astrophysics thesaurus
650 _aStar formation
700 _aJugaku, Jun
_915123
942 _cBK
999 _c8996
_d8996